MARC details
| 000 -LEADER |
| fixed length control field |
01865cam a2200397 a 4500 |
| 001 - CONTROL NUMBER |
| control field |
11829130 |
| 003 - CONTROL NUMBER IDENTIFIER |
| control field |
EG-ScBUE |
| 005 - DATE AND TIME OF LATEST TRANSACTION |
| control field |
20250303104303.0 |
| 008 - FIXED-LENGTH DATA ELEMENTS--GENERAL INFORMATION |
| fixed length control field |
991101t2009 nyua f 001 0 eng d |
| 020 ## - INTERNATIONAL STANDARD BOOK NUMBER |
| International Standard Book Number |
9780071544252 |
| 020 ## - INTERNATIONAL STANDARD BOOK NUMBER |
| International Standard Book Number |
0071544259 |
| 040 ## - CATALOGING SOURCE |
| Original cataloging agency |
EG-ScBUE |
| Language of cataloging |
eng |
| Description conventions |
rda |
| Transcribing agency |
EG-ScBUE |
| Modifying agency |
EG-ScBUE |
| 082 04 - DEWEY DECIMAL CLASSIFICATION NUMBER |
| Classification number |
519.2076 |
| Edition number |
22 |
| Item number |
SPI |
| 100 1# - MAIN ENTRY--PERSONAL NAME |
| 9 (RLIN) |
2617 |
| Personal name |
Spiegel, Murray R., |
| Relator term |
author. |
| 245 10 - TITLE STATEMENT |
| Title |
Probability and statistics / |
| Statement of responsibility, etc |
Murray R. Spiegel, Ph.D., Former Professor and Chairman of Mathematics, Rensselaer Polytechnic Institute, Harford Graduate Center, John J. Schiller, Ph.D., Associate Professor of Mathematics, Temple University, R. Alu Srinivasan, Professor of Mathematics, Temple University. |
| 250 ## - EDITION STATEMENT |
| Edition statement |
Third edition. |
| 264 #1 - PUBLICATION, DISTRIBUTION, ETC. (IMPRINT) |
| Place of publication, distribution, etc |
New York : |
| Name of publisher, distributor, etc |
McGraw-Hill, |
| Date of publication, distribution, etc |
[2009] |
| 264 #4 - PUBLICATION, DISTRIBUTION, ETC. (IMPRINT) |
| Date of publication, distribution, etc |
c2009 |
| 300 ## - PHYSICAL DESCRIPTION |
| Extent |
vii, 424 pages : |
| Other physical details |
illustrations ; |
| Dimensions |
28 cm. |
| 336 ## - CONTENT TYPE |
| Source |
rdacontent |
| Content type term |
text |
| Content type code |
txt |
| 337 ## - MEDIA TYPE |
| Media type term |
unmediated |
| Source |
rdamedia |
| Media type code |
n |
| 338 ## - CARRIER TYPE |
| Carrier type term |
volume |
| Carrier type code |
nc |
| Source |
rdacarrier |
| 490 0# - SERIES STATEMENT |
| Series statement |
Schaum's outline series |
| 500 ## - GENERAL NOTE |
| General note |
Includes index.<br/> |
| 500 ## - GENERAL NOTE |
| General note |
Includes appendix.<br/> |
| 650 #7 - SUBJECT ADDED ENTRY--TOPICAL TERM |
| Topical term or geographic name as entry element |
Probabilities |
| Form subdivision |
Problems, exercises, etc. |
| 9 (RLIN) |
41266 |
| Source of heading or term |
BUEsh |
| 650 #7 - SUBJECT ADDED ENTRY--TOPICAL TERM |
| Topical term or geographic name as entry element |
Mathematical statistics |
| Form subdivision |
Problems, exercises, etc. |
| 9 (RLIN) |
41268 |
| Source of heading or term |
BUEsh |
| 655 ## - INDEX TERM--GENRE/FORM |
| Form subdivision |
Reading book |
| 700 1# - ADDED ENTRY--PERSONAL NAME |
| Personal name |
Srinivasan, R. Alu, |
| 9 (RLIN) |
2620 |
| Relator term |
author. |
| 700 1# - ADDED ENTRY--PERSONAL NAME |
| Personal name |
Schiller, John J. |
| 9 (RLIN) |
2621 |
| Relator term |
author. |
| 856 42 - ELECTRONIC LOCATION AND ACCESS |
| Materials specified |
Contributor biographical information |
| Uniform Resource Identifier |
<a href="http://www.loc.gov/catdir/bios/mh041/99057177.html">http://www.loc.gov/catdir/bios/mh041/99057177.html</a> |
| 856 42 - ELECTRONIC LOCATION AND ACCESS |
| Materials specified |
Publisher description |
| Uniform Resource Identifier |
<a href="http://www.loc.gov/catdir/description/mh021/99057177.html">http://www.loc.gov/catdir/description/mh021/99057177.html</a> |
| 856 41 - ELECTRONIC LOCATION AND ACCESS |
| Materials specified |
Table of contents |
| Uniform Resource Identifier |
<a href="http://www.loc.gov/catdir/toc/mh021/99057177.html">http://www.loc.gov/catdir/toc/mh021/99057177.html</a> |
| 942 ## - ADDED ENTRY ELEMENTS (KOHA) |
| Source of classification or shelving scheme |
Dewey Decimal Classification |
| Koha item type |
Book - Borrowing |